Topoľčany knokautovali Košice ... 1. liga hádzanárov - 26. kolo (skupina o 1.-6. miesto) a 24. kolo (skupina o 7.-10. miesto)

Bibliographic Details
Format: Article
Language:Slovak
Subjects:

MARC

LEADER 00000nab a2200000 a 4500
001 vtls000546594
003 SK-MaSNL
005 20260303011955.0
008 120929c1995 xo 0 slo
015 |a SNBRB19rr/mm-uuuuu 
035 |a CL0546732 
040 |a SNKBUCL  |b slo  |c SNKBUCL  |e AACR2 
041 0 |a slo 
044 |a xo  |c SK 
080 |a 796.322.093.1  |2 1981 
245 0 0 |a Topoľčany knokautovali Košice ...  |b 1. liga hádzanárov - 26. kolo (skupina o 1.-6. miesto) a 24. kolo (skupina o 7.-10. miesto) 
650 0 7 |a hádzaná  |2 snkbucl  |9 3292 
655 7 |a články z novín a časopisov  |2 snkbucl  |9 267496 
773 0 |t Šport  |g Roč. 49, č. 100 (2. 5. 1995), s. 21 
850 |a Slovenská národná knižnica v Martine  |a MTA001 
852 |a SNK  |b KIS3GCP 
958 |a RK 
992 |a RBX 
999 |c 1594916  |d 1596846